Pohádky do ranečku /

Hlavní autor: Kubala, Petr, 1978-
Další autoři: Šímová, Barbora
Jazyk: Čeština
Vydáno: [České Budějovice] : Tralalamandala, 2017
Témata:
Fyzický popis: 75 stran : barevné ilustrace ; 22 cm
Knihy
Uloženo v:
LEADER 01394nam a2200397 i 4500
001 nkc20172944867
003 CZ PrNK
005 20180201103849.0
007 ta
008 171101s2017 xr a b 000 j cze
015 |a cnb002944867 
020 |a 978-80-270-2938-9  |q (vázáno) :  |c Kč 270,00 
035 |a (OCoLC)1022781714 
040 |a BOA001  |b cze  |e rda 
072 7 |a 821.162.3-3  |x Česká próza  |2 Konspekt  |9 25 
072 7 |a 821-93  |x Literatura pro děti a mládež (beletrie)  |2 Konspekt  |9 26 
080 |a 821.162.3-34  |2 MRF 
080 |a 821-93  |2 MRF 
080 |a (0:82-34)  |2 MRF 
100 1 |a Kubala, Petr,  |d 1978-  |7 ola2012728074  |4 aut 
245 1 0 |a Pohádky do ranečku /  |c Petr Kubala ; ilustrace Barbora Šímová 
264 1 |a [České Budějovice] :  |b Tralalamandala,  |c 2017 
300 |a 75 stran :  |b barevné ilustrace ;  |c 22 cm 
336 |a text  |b txt  |2 rdacontent 
337 |a bez média  |b n  |2 rdamedia 
338 |a svazek  |b nc  |2 rdacarrier 
655 7 |a české pohádky  |7 fd133970  |2 czenas 
655 7 |a publikace pro děti  |7 fd133156  |2 czenas 
655 9 |a Czech fairy tales  |2 eczenas 
655 9 |a children's literature  |2 eczenas 
700 1 |a Šímová, Barbora  |7 xx0220488  |4 ill 
910 2 |a BOA001  |b 2-1401.020 
990 |a BK 
995 |a 01 
991 |b 201801  |c NOV 
996 6 |b 2610728929  |c 2-1401.020  |l MZK  |r Sklad / do 1 hodiny  |n 0  |p p.v.  |w 001645024  |u 000010  |a 1  |e BOA001  |j MZK50  |s P